Normal view
MARC view
Entry Personal Name
001 - CONTROL NUMBER
- control field: 48256
003 - CONTROL NUMBER IDENTIFIER
- control field: OSt
005 - DATE AND TIME OF LATEST TRANSACTION
- control field: 20241011153342.0
008 - FIXED-LENGTH DATA ELEMENTS
- fixed length control field: 241011|| aca||aabn | a|a d
040 ## - CATALOGING SOURCE
- Original cataloging agency: OSt
- Transcribing agency: OSt
100 ## - HEADING--PERSONAL NAME
- Personal name: Nayak, Ramesh Chandra
670 ## - SOURCE DATA FOUND
- Source citation: Work cat.: (OSt)524874: Nayak, Ramesh Chandra, Coherent elemental etiology of domestic violence in India from gender perspective
